| 000 | 00371nam a2200145 i 4500 | ||
|---|---|---|---|
| 001 | bg | ||
| 100 | 1 | _aKAWĘCKI, Leszek | |
| 245 | 0 |
_aLaboratorium modelowania analogicznego / _cLeszek Kawęcki, Marian Matuszyk. |
|
| 260 |
_aLublin, _c1976. |
||
| 700 | 1 | _aMATUSZYK, Marian | |
| 040 | _cBPK | ||
| 041 | _apol | ||
| 942 | _cKS | ||
| 008 | s pl f |000 0 pol | ||
| 999 |
_c17131 _d17131 |
||
| 856 |
_uhttp://koha.tu.koszalin.pl/cgi-bin/koha/opac-detail.pl?biblionumber=17131 _yKatalog online BPK |
||